000 00403cam a22001337a 4500
008 180718bn.d. xxu||||| |||| 00| 0 eng d
082 _aA81x5411 In2/51/2
100 _aCensus of India 1951
245 _aAssam district census handbook, Goalpara
260 _aGauhati
_bSuperintendent, Census Operations
_cn.d.
300 _a478+p.
440 _aCensus of India 1951. Assam
650 _aGoalpara - Census
999 _c483715
_d483715